Saint Augustin et le fin de la culture antique / (Record no. 98167)

MARC details
000 -LEADER
campo de control de longitud fija 00734nam a2200205 i 4500
001 - NÚMERO DE CONTROL
campo de control 98167
003 - IDENTIFICADOR DE NÚMERO DE CONTROL
campo de control ES-MaACL
005 - FECHA Y HORA DE LA ÚLTIMA TRANSACCIÓN
campo de control 20230906182228.0
007 - CAMPO FIJO DE DESCRIPCIÓN FÍSICA--INFORMACIÓN GENERAL
campo de control de longitud fija t|
008 - DATOS DE LONGITUD FIJA--INFORMACIÓN GENERAL
campo de control de longitud fija 050726s1949 fr ||||1| fre d
100 1# - ENTRADA PRINCIPAL--NOMBRE DE PERSONA
Nombre de persona Marrou, Henri Irénée.
9 (RLIN) 77091
245 10 - MENCIÓN DEL TÍTULO
Título Saint Augustin et le fin de la culture antique /
Mención de responsabilidad, etc. par Henri Irénée Marrou.
260 ## - PUBLICACIÓN, DISTRIBUCIÓN, ETC.
Lugar de publicación, distribución, etc. Paris :
Nombre del editor, distribuidor, etc. E. de Boccard,
Fecha de publicación, distribución, etc. 1949.
300 ## - DESCRIPCIÓN FÍSICA
Extensión XV, 620 p. ;
Dimensiones 25 cm.
490 1# - MENCIÓN DE SERIE
Mención de serie Bibliothèque des Ecoles Françaises d'Athènes et de Rome
600 04 - PUNTO DE ACCESO ADICIONAL DE MATERIA--NOMBRE DE PERSONA
Nombre de persona Agustín
Títulos y otros términos asociados al nombre Santo, Obispo de Hipona-
Subdivisión general Crítica e interpretación.
9 (RLIN) 18918
830 0# - PUNTO DE ACCESO ADICIONAL DE SERIE-TÍTULO UNIFORME
Título uniforme Bibliothèque des Ecoles Françaises d'Athènes et de Rome
9 (RLIN) 182019
852 ## - LOCALIZACIÓN
Ubicación ES-MaACL
Número de control de estantería D-6881
Sublocalización o colección R.30133
Holdings
Estatus retirado Estado de pérdida Estado de daño No para préstamo Biblioteca de origen Biblioteca actual Ubicación en estantería Fecha de adquisición Fuente de adquisición Total de préstamos Signatura topográfica completa Código de barras Visto por última vez Precio de reemplazo Tipo de ítem Koha
        Biblioteca del Ateneo de Madrid Biblioteca del Ateneo de Madrid Sala Valle Inclán 17/01/2008     D-6881 901102477 23/02/2023 23/02/2023 Libro impreso